000 004490000a22001450004500
090 _aT Q78a
100 1 _aQuintero Navas, Anibal Josué
245 1 0 _aAnálisis de la situación de los ministerios de Efesios 4:11 en la iglesia hoy / Anibal Josué Quintero Navas
260 _aMedellín : FUSBC
300 _a92 Pág
500 _aAsesor : Marcos Wittig
520 _a1. Teología histórica. 2. Teología bíblica.
001 14746
942 _cBK
999 _c43588
_d43588